| 000 | 01007nam a22002057a 4500 | ||
|---|---|---|---|
| 003 | OSt | ||
| 005 | 20260310115223.0 | ||
| 008 | 260220b |||||||| |||| 00| 0 eng d | ||
| 020 | _a9787547437698 | ||
| 040 | _aKenya National Library Service | ||
| 082 | _a951.095114 OUR | ||
| 245 |
_aOur good times : _ba collection of photos of Shandong's journey to general prosperity / _cedited by Zhao Xiangbin, Chen Xianyun and Zhang Huan. |
||
| 300 |
_a216 pages : _bcolour illustrations, _c2021. |
||
| 520 | _aOur Good Times: A Collection of Photos of Shandong’s Journey to General Prosperity is a photo-documentary book that visually chronicles the transformation and development of China’s Shandong Province as it advances toward a moderately prosperous society. | ||
| 650 | _aHistory of Shandong — Pictorial works | ||
| 650 | _aShandong province -- History | ||
| 942 |
_2ddc _cBK _n0 |
||
| 999 |
_c491031 _d491031 |
||